书目信息 |
| 题名: |
陈国达地洼学说文选
|
|
| 作者: | 陈国达 著 | |
| 分册: | ||
| 出版信息: | 长沙 中南工业大学出版社 1986 |
|
| 页数: | 432页 | |
| 开本: | 26cm | |
| 丛书名: | ||
| 单 册: | ||
| 中图分类: | P541-53 | |
| 科图分类: | ||
| 主题词: | 地洼--文集 | |
| 电子资源: | ||
| ISBN: | ||
| 000 | 00641nam0 2200241 45 | |
| 001 | 0186010738 | |
| 005 | 20040908170853.2 | |
| 010 | @dCNY6.65 | |
| 091 | @a13442.011 | |
| 100 | @a19901010d1986 emky0chiy0121 ea | |
| 101 | 0 | @achi |
| 102 | @aCN@b430000 | |
| 105 | @ay z 000yy | |
| 106 | @ar | |
| 200 | 10 | @a陈国达地洼学说文选@Achen guo da di wa xue shuo wen xuan@f陈国达著 |
| 210 | @a长沙@c中南工业大学出版社@d1986 | |
| 215 | @a432页@d26cm | |
| 606 | @a地洼@x文集 | |
| 690 | @aP541-53@v3 | |
| 701 | 0 | @a陈国达@Achen guo da@4著 |
| 801 | 0 | @aCN@b深圳图书馆@c20040524 |
| 801 | 2 | @aCN@bNLC@c20040524 |
| 905 | @dP541-53@e45@f1@b238369 | |
| 陈国达地洼学说文选/陈国达著.-长沙:中南工业大学出版社,1986 |
| 432页;26cm |
| ISBN :CNY6.65 |
| ● |
| 相关链接 |
|
|
|
|
正题名:陈国达地洼学说文选
索取号:P541-53/45
 
预约/预借
| 序号 | 登录号 | 条形码 | 馆藏地/架位号 | 状态 | 备注 |
| 1 | 0238368 | 000073217 | 第三借阅区/ [索取号:P541-53/45] | 在馆 | |
| 2 | 0238369 | 001950062 | 第三借阅区/ [索取号:P541-53/45] | 在馆 | |
| 3 | 0238370 | 000073208 | 第三借阅区/ [索取号:P541-53/45] | 在馆 | |
| 4 | 0238371 | 000073191 | 第二样本阅览室/ [索取号:P541-53/45] | 在馆 |